000
00253nam a22001097a 4500
082
_a
621.3 GRA'A
100
_a
GRAHAM'S FRANK D
_9
56947
245
_a
AUDELS NEW ELECTRONIC LIBRARY VOL-X
260
_a
USA
_b
AUDELS
_c
1962
300
_a
5016'H
942
_c
BK
999
_c
567264
_d
567264